000 nam a22 7a 4500
999 _c7834
_d7834
008 171027b xxu||||| |||| 00| 0 eng d
020 _a9780323051781
100 _aEhrlich Ruth Ann
_94308
245 _aPatient Care in Radigraphy
250 _a7th edition
260 _aMissouri
_bElsevior Publishers
_c2009